|
|
|
|
| LEADER |
00000nas a2200000 a 4500 |
| 001 |
ssj0012724 |
| 003 |
WaSeSS |
| 005 |
20200512172242.0 |
| 006 |
m d |
| 007 |
cr n |
| 008 |
990625d19652009dcuwr pss f0 a0eng c |
| 010 |
|
|
|a 2007230586
|
| 016 |
7 |
|
|a 2068408-3
|2 DE-600
|
| 016 |
7 |
|
|a 0037172
|2 DNLM
|
| 016 |
7 |
|
|a W01900000
|2 DNLM
|
| 022 |
|
|
|a 1940-6827
|l 0511-4187
|y 0511-4187
|
| 035 |
|
|
|a (WaSeSS)ssj0012724
|
| 037 |
|
|
|a 79-424
|b LLMC
|
| 040 |
|
|
|a SJD
|b eng
|c SJD
|d OCL
|d OCLCQ
|d RBN
|d OCLCQ
|d LLMC2
|d OCLCQ
|d OCL
|d GPO
|d DLC
|d OCLCQ
|d LLMC2
|d GPO
|d MBB
|d OCLCQ
|d OCLCS
|d HEBIS
|d SLU
|d OCLCQ
|d OCLCF
|d DEBBG
|d INR
|d OCL
|d OCLCO
|d OCLCQ
|d VGL
|d GILDS
|d OCLCO
|d UUM
|d GPO
|d AUD
|d VT2
|d OCLCO
|d WaSeSS
|
| 042 |
|
|
|a pcc
|a nsdp
|
| 043 |
|
|
|a n-us---
|
| 050 |
1 |
4 |
|a J80
|b .A284
|
| 060 |
0 |
0 |
|a Z 1223.P7
|b W394
|
| 074 |
|
|
|a 0577-A (online)
|
| 082 |
1 |
0 |
|a 353
|2 14
|
| 086 |
0 |
|
|a AE 2.109:
|
| 130 |
0 |
|
|a Weekly compilation of Presidential documents (Online)
|
| 222 |
|
0 |
|a Weekly compilation of Presidential documents
|b (Online)
|
| 245 |
1 |
0 |
|a Weekly compilation of Presidential documents
|h [electronic resource].
|
| 246 |
1 |
|
|i Cited as:
|a Weekly Comp. of Pres. Doc
|
| 260 |
|
|
|a [Washington, D.C.] :
|b Office of the Federal Register (OFR), National Archives and Records Administration (NARA) :
|b Supt. of Docs., U.S. G.P.O.,
|c -2009.
|
| 310 |
|
|
|a Weekly
|
| 362 |
1 |
|
|a Print began with: Vol. 1, no. 1 (Aug. 2, 1965).
|
| 362 |
0 |
|
|a -v. 45, no. 3 (Jan. 26, 2009).
|
| 506 |
|
|
|a License restrictions may limit access.
|
| 538 |
|
|
|a Mode of access: Internet from GPO website. Previously available as of 4/20/2007: http://www.gpoaccess.gov/wcomp/index.html.
|
| 588 |
|
|
|a Description based on: Vol. 37, no. 1 (Jan. 8, 2001); title from web page (viewed Apr. 20, 2007).
|
| 650 |
|
7 |
|a Politics and government
|2 fast
|0 (OCoLC)fst01919741
|
| 651 |
|
0 |
|a United States
|x Politics and government
|v Periodicals.
|
| 651 |
|
7 |
|a United States.
|2 fast
|0 (OCoLC)fst01204155
|
| 655 |
|
0 |
|a Electronic journals.
|
| 710 |
1 |
|
|a United States.
|b Office of the Federal Register.
|
| 710 |
1 |
|
|a United States.
|b National Archives and Records Administration.
|
| 710 |
1 |
|
|a United States.
|b President.
|t Public papers of the Presidents of the United States.
|
| 776 |
0 |
8 |
|i Print version:
|t Weekly compilation of Presidential documents
|x 0511-4187
|w (DLC) 65009929
|w (OCoLC)1769543
|
| 776 |
0 |
8 |
|i Microfiche version:
|t Weekly compilation of Presidential documents
|w (DLC) 00205002
|w (OCoLC)25404728
|
| 785 |
0 |
0 |
|t Daily compilation of Presidential documents
|x 1946-6986
|w (DLC) 2009230053
|w (OCoLC)299064199
|
| 787 |
0 |
8 |
|i Compiled in:
|t Compilation of Presidential documents
|w (DLC) 2009234164
|w (OCoLC)301983501
|
| 856 |
4 |
0 |
|z Full text available from Research Library: 01/06/1992 to 12/28/2008
|u https://search.proquest.com/publication/52051
|